期刊信息 |
| 索取号 |
D0/7
|
| 题名 |
新观察
|
| 作者 |
新观察编辑部
|
| 分册号 |
|
| 分册名 |
|
| 出版地 |
北京
|
| 出版者 |
新观察杂志社
|
| 标准刊号 |
|
| 出版频率 |
半月刊
|
| 中图法分类 |
D0
|
| 主题词 |
政治理论
|
| 电子资源 | |
| |
|
| 000 | 00520nas0 2200205 45 | |
| 001 | 0162082376 | |
| 005 | 2001083017144179 | |
| 011 | @dRMB 60.00 | |
| 091 | @aCN11-1749 | |
| 092 | @aCN@b2-163 | |
| 100 | @a20010830d km y0chiy0120 ea | |
| 101 | 0 | @achi |
| 200 | 1 | @a新观察@AXin Guan Cha@f新观察编辑部@FXin Guan Cha Bian Ji Bu |
| 210 | @a北京@c新观察杂志社 | |
| 326 | @a半月刊 | |
| 606 | 0 | @a政治理论 |
| 690 | @aD0@v3 | |
| 711 | 0 | @a新观察编辑部@AXin Guan Cha Bian Ji Bu |
| 801 | 0 | @aCN@bPFT@c20010830 |
| 905 | @dD0@e7 | |
| 新观察/新观察编辑部.-北京:新观察杂志社 |
| RMB 60.00 |
| ● |
| 相关链接: |
|
|
|